Obras escogidas

Gespeichert in:
Bibliographische Detailangaben
1. Verfasser: Juana Inés de la Cruz (VerfasserIn)
Format: Buch
Sprache:Spanisch
Veröffentlicht: Barcelona Bruguera 1972
Schriftenreihe:Libro Clásico Bruguera, 49
Schlagworte:
Tags: Tag hinzufügen
Keine Tags, Fügen Sie den ersten Tag hinzu!

MARC

LEADER 00000nam a2200000 a 4500
001 UCX5659
003 CL-VaPUC
008 921230e19720000SP |||||||||||||||||spa|d
082 0 4 |a Me861  |b JUA  |2 21 
100 0 |a Juana Inés de la Cruz  |e author  |9 268430 
245 1 0 |a Obras escogidas 
300 |a 554 p 
942 |c BK 
945 |d 19921230 00:00:00 
260 |a Barcelona  |b Bruguera  |c 1972 
650 7 |a POESIAS MEXICANAS  |2 CL-VaPUC  |9 314784 
583 |a last modification  |c 19921230 00:00:00  |k Rodrigo Vera 
490 0 |a Libro Clásico Bruguera, 49 
999 |c 225861  |d 225859 
952 |0 0  |1 0  |4 0  |6 ME_861_000000000000000_JUA_1972  |7 0  |8 A  |9 223743  |a BIBEDU  |b BIBEDU  |d 2019-11-15  |i 2925745  |o Me861 JUA 1972  |p 2925745  |r 2019-11-15  |w 2019-11-15  |y BK  |k LIT